Tilastot visalle Valtioita Unescon maailmanperintökohteiden mukaan

Klikkaa tästä pelataksesi tätä visaa!

Yleistilastot

  • Tätä visaa on pelattu 263 kertaa
  • Keskiarvotulos 16 / 20

Vastaustilastot

KohdeValtio% Oikein
Gizan pyramiditEgypti
100%
Taj MahalIntia
98%
Notre-Damen katedraaliRanska
98%
Kölnin tuomiokirkkoSaksa
95%
VapaudenpatsasYhdysvallat
93%
Machu PicchuPeru
91%
AkropolisKreikka
90%
Kreml ja Punainen toriVenäjä
90%
Iso ValliriuttaAustralia
89%
Transilvanian kylätRomania
85%
Muinainen KiotoJapani
82%
Kilimanjaron kansallispuistoTansania
81%
Kielletty kaupunkiKiina
80%
PetraJordania
73%
TeotihuacánMeksiko
72%
GalápagossaaretEcuador
68%
AngkorKambodža
57%
DolomiititItalia
53%
Tikalin kansallispuistoGuatemala
30%
Potosín kaupunkiBolivia
29%

Tulosjakauma

Persentiili vastausten määrän mukaan

Jokaisen tuloksen saaneiden osuus

Tuloshistoriasi

Et ole pelannut tätä visaa